Name a valid ending letter - States - Statistics

General Stats
  • This quiz has been taken 175 times
  • The average score is 10 of 12
Answer Stats
Letter Answer % Correct
A Nevada | Florida | Georgia | Pennsylvania | Virginia
100%
S Arkansas | Kansas | Texas | Illinois | Massachusetts
97%
O New Mexico | Colorado | Idaho | Ohio
96%
N Michigan | Wisconsin | Oregon | Washington
92%
E Tennessee | Maine | Delaware | New Hampshire
92%
I Hawaii | Mississippi | Missouri
89%
D Rhode Island | Maryland
86%
Y New Jersey | Kentucky
84%
T Vermont | Connecticut
80%
K New York
75%
H Utah
75%
G Wyoming
71%
No matching quizzes found
Score Distribution
Percent of People with Each Score
Percentile by Number Answered
Your Score History
You have not taken this quiz